| 000 | 00794nam a22002297a 4500 | ||
|---|---|---|---|
| 003 | PILC | ||
| 005 | 20150506090915.0 | ||
| 008 | 150506b xxu||||| |||| 00| 0 eng d | ||
| 020 | _a0201339870 | ||
| 050 |
_aPN 4001 _b.D261 1998 |
||
| 100 | _aDavis, Stan. | ||
| 245 |
_aBlur : _bthe speed of change in the connected economy / _cStan Davis and Christopher Meyer. |
||
| 260 |
_aMassachusetts : _bAddison-Wesley, _c1998. |
||
| 300 |
_axiii, 265 pages : _billustrations ; _c22 cm. |
||
| 500 | _aIncludes bibliographical references and index. | ||
| 650 |
_aInformation technology _xEconomic aspects. |
||
| 650 |
_aTelecommunication _xTechnological innovations. |
||
| 650 | _aTechnology and civilization. | ||
| 650 | _aInformation economy. | ||
| 700 | _aMeyer, Christopher. | ||
| 942 |
_2lcc _cBK |
||
| 999 |
_c283846 _d283846 |
||